000 00599nam a22001931a 4500
001 11484
003 OSt
005 20260204212244.0
008 121116s0160||||ck ||||||b||||||||||spa||
020 _a9589718175
050 _a635 O8p
100 _aOsorio Díaz, Doris Liliana
245 _aProducción de pimenton tomate y lechuga en hidropónicos / Doris Liliana Osorio Díaz
264 _aColombia: Grupo Latino
300 _a41 p
490 _aColección volvemos al campo
650 _aHorticultura 2.Pimenton - Producción Tomate - Producción 4.Lechuga - ProducciónÌ
942 _2ddc
_cBK
999 _c11484
_d11484